000 00348nam a2200133Ia 4500
008 190216s9999||||xx |||||||||||||| ||und||
100 _aRobert J. Bell
245 0 _aElemetary Treatise On Co Ordunate Geometry Of Three Dimensional
250 _aTHIRD
260 _bMagmillan &co Ltd
_c1967
300 _a377
650 _aMathematics
942 _cBK
999 _c30513
_d30513